书目信息 |
| 题名: |
程序员考试试题分类精解
|
|
| 作者: | 徐锋 , 唐强 主编 ;希赛IT教育研发中心 组编 | |
| 分册: | ||
| 出版信息: | 北京 电子工业出版社 2007.07 |
|
| 页数: | 11, 693页 | |
| 开本: | 26cm | |
| 丛书名: | ||
| 单 册: | ||
| 中图分类: | TP31-44 | |
| 科图分类: | ||
| 主题词: | 程序系统--cheng xu xi tong--考核--解题 | |
| 电子资源: | ||
| ISBN: | 978-7-121-04523-3 | |
| 000 | 01137nam0 2200277 450 | |
| 001 | 012008526610 | |
| 005 | 20080422162432.37 | |
| 010 | @a978-7-121-04523-3@dCNY69.80 | |
| 100 | @a20080422d2007 em y0chiy0120 ea | |
| 101 | 0 | @achi |
| 102 | @aCN@b110000 | |
| 105 | @aak z 000yy | |
| 106 | @ar | |
| 200 | 1 | @a程序员考试试题分类精解@Acheng xu yuan kao shi shi ti fen lei jing jie@f希赛IT教育研发中心组编@Fxi sai IT jiao yu yan fa zhong xin zu bian@g徐锋, 唐强主编@Gxu feng,tang qiang zhu bian |
| 205 | @a第2版 | |
| 210 | @a北京@c电子工业出版社@d2007.07 | |
| 215 | @a11, 693页@c图@d26cm | |
| 300 | @a全国计算机技术与软件专业技术资格 (水平) 考试试题分类精解 | |
| 330 | @a本书分析了自1990年到2006年程序员考试的所有考题,全书分16章对试题进行分析与解答。内容涉及计算机硬件基础、操作系统基础、程序设计语言与语言处理程序、网络基础等。 | |
| 606 | 0 | @a程序系统@Acheng xu xi tong@x考核@j解题 |
| 690 | @aTP31-44@v4 | |
| 701 | 0 | @a徐锋@Axu feng@4主编 |
| 701 | 0 | @a唐强@Atang qiang@4主编 |
| 712 | 02 | @a希赛IT教育研发中心@Axi sai IT jiao yu yan fa zhong xin@4组编 |
| 801 | 0 | @aCN@bQSSK@c20080422 |
| 905 | @b296086-87@dTP31-44@eX702@f2 | |
| 程序员考试试题分类精解/希赛IT教育研发中心组编/徐锋, 唐强主编.-第2版.-北京:电子工业出版社,2007.07 |
| 11, 693页:图;26cm |
| 全国计算机技术与软件专业技术资格 (水平) 考试试题分类精解 |
| ISBN 978-7-121-04523-3:CNY69.80 |
| 本书分析了自1990年到2006年程序员考试的所有考题,全书分16章对试题进行分析与解答。内容涉及计算机硬件基础、操作系统基础、程序设计语言与语言处理程序、网络基础等。 |
| ● |
| 相关链接 |
|
|
|
正题名:程序员考试试题分类精解
索取号:TP31-44/X702
 
预约/预借
| 序号 | 登录号 | 条形码 | 馆藏地/架位号 | 状态 | 备注 |
| 1 | 296086 | 202960867 | 自科库301/301自科库 46排7列4层/ [索取号:TP31-44/X702] | 在馆 | |
| 2 | 296087 | 202960876 | 自科库301/301自科库 46排7列4层/ [索取号:TP31-44/X702] | 在馆 |